- Hobsbawm, E. J.
Entry Nombre Personal
001 - NUMERO DE CONTROL
- campo de control: 28764
003 - IDENTIFICADOR DE NUMERO DE CONTROL
- campo de control: DLC
005 - FECHA Y HORA DE LA ÜLTIMA TRANSACCIÓN
- campo de control: 20230915105936.0
008 - DATOS DE LONGITUD FIJA
- campo de control de longitud fija: 800821n| azannaabn |b aaa
010 ## - NÚMERO DE CONTROL DE LA BIBLIOTECA DEL CONGRESO
- Número de control LC: n 80014878
035 ## - NUMERO DE CONTROL
- Número de control: (OCoLC)oca00397335
040 ## - FUENTE DE CATALOGACIÓN
- Agencia original de catalogación: DLC
- Lenguaje de catalogación: spa
- Description conventions: rda
- Agencia de transcripción: DLC
- Agencia que lo modifica: Uk
- Agencia que lo modifica: OCoLC
- Agencia que lo modifica: InU
- Agencia que lo modifica: DLC
- Agencia que lo modifica: UPB
- Agencia que lo modifica: DLC
- Agencia que lo modifica: ScU
- Agencia que lo modifica: MX-MxUPN
046 ## - FECHAS CON CODIFICACIÓN ESPECIAL
- Fecha de nacimiento: 1917-06-09
- Fecha de muerte: 2012-10-01
- Fuente del formato de fecha: edtf
100 1# - ENCABEZAMIENTO - NOMBRE PERSONAL
- Nombre personal: Hobsbawm, E. J.
- Fuller form of name: (Eric J.),
- Fechas asociadas con el nombre: 1917-2012
370 ## - LUGAR ASOCIADO
- Place of birth: Alejandría (Egipto)
- Place of death: Londres (Inglaterra)
372 ## - CAMPO DE ACTIVIDAD
- Field of activity: Historia
374 ## - OCUPACIÓN
- Occupation: Historiador
377 ## - LENGUA ASOCIADA
- Language code: eng
378 ## - FORMA COMPLETA DE NOMBRE PERSONAL
- Fuller form of personal name: Eric John Ernest
400 1# - VEÁSE - NOMBRE DE PERSONA
- Control subfield: nnaa
- Personal name: Hobsbawm, Eric J.
400 1# - VEÁSE - NOMBRE DE PERSONA
- Personal name: Hobsbawm, Eric John,
- Dates associated with a name: 1917-2012
400 1# - VEÁSE - NOMBRE DE PERSONA
- Personal name: Hobsbawn, Eric,
- Dates associated with a name: 1917-2012
400 1# - VEÁSE - NOMBRE DE PERSONA
- Personal name: Hobsbawm, Eric John Ernest,
- Dates associated with a name: 1917-2012
500 1# - MENCIÓN DE REFERENCIA “VÉASE ADEMÁS”- NOMBRE DE PERSONA
- Personal name: Newton, Francis,
- Dates associated with a name: 1917-2012
670 ## - FUENTE EN LA QUE SE LOCALIZARON DATOS
- Cita de la fuente: Peasants in history, 1980:
- Información localizada: portada (E.J. Hobsbawm)
670 ## - FUENTE EN LA QUE SE LOCALIZARON DATOS
- Cita de la fuente: Data from India
- Información localizada: (Hobsbawm, Eric John; b. 1917)
670 ## - FUENTE EN LA QUE SE LOCALIZARON DATOS
- Cita de la fuente: El Pensamiento revolucionario ... 1978:
- Información localizada: portada (Eric Hobsbawn)
670 ## - FUENTE EN LA QUE SE LOCALIZARON DATOS
- Cita de la fuente: Brit. Mus. gen. cat. of printed books, 1966-1970,
- Información localizada: vol. 11 (Hobsbawm, Eric John Ernest)
670 ## - FUENTE EN LA QUE SE LOCALIZARON DATOS
- Cita de la fuente: ALCS database, 19 Sept. 2006
- Información localizada: (E. Hobsbawm, born 9 June 1917)
670 ## - FUENTE EN LA QUE SE LOCALIZARON DATOS
- Cita de la fuente: BL auth. file, 19 Sept. 2006
- Información localizada: (Francis Newton is pseud. of Eric John Ernest Hobsbawm, born 1917)
670 ## - FUENTE EN LA QUE SE LOCALIZARON DATOS
- Cita de la fuente: Guardian WWW site, Oct. 1, 2012
- Información localizada: (Eric Hobsbawm; Eric John Ernest Hobsbawm; b. June 9, 1917, Alexandria; d. Oct. 1, 2012; historian in the Marxist tradition with a global reach; published a Penguin special, The jazz scene, in 1959 under the pen-name Francis Newton (many years later it was reissued with Hobsbawm identified as the author))
670 ## - FUENTE EN LA QUE SE LOCALIZARON DATOS
- Cita de la fuente: New York times WWW site, Oct. 2, 2012
- Información localizada: (in obituary published Oct. 1: Eric J. Hobsbawm; b. Eric John Hobsbawm, 1917, Alexandria, Egypt, where a confused clerk at the British consulate misspelled the last name of his father, Leopold Percy Hobsbaum, an unsuccessful merchant from the East End of Londond. Monday [Oct. 1, 2012], London, aged 95)
670 ## - FUENTE EN LA QUE SE LOCALIZARON DATOS
- Cita de la fuente: Un tiempo de rupturas : sociedad y cultura en el siglo XX, 2013:
- Información localizada: portada (Eric Hobsbawn)
902 ## - CATALOGADOR
- Catalogador: Víctor Ruiz/150923
